004140000a22001330004500008004100000022001300041245003000054260005200084300001100136650001300147942000700160952009800167999001500265230817t1994 ||||| |||| 00| 0 eng d a01975439 aWorld refugee survey 1994 aWashington:bU.S. Committee for Refugees,c1994 b176 p. aREFUGEES cCR 00102ddc4070aMAINbMAINd2023-08-17l0o362.8705 UNIpRAF3773r2023-08-17w2023-08-17yCR c2733d2733